000 00933nam a2200277 i 4500
001 41141
003 ES-MaACL
005 20250731034204.0
007 t|
008 030310s1980 sp |||| |dspa d
020 _a84-01-34070-5
080 _a929 Azaña, Manuel
100 1 _aCarabias, Josefina,
_d1908-1980
_934924
245 1 0 _aAzaña :
_blos que le llamábamos don Manuel /
_cJosefina Carabias.
250 _a3ª ed.
260 _a[Barcelona] :
_bPlaza & Janés,
_c[1980]
300 _a285 p. ;
_c19 cm.
490 1 _aLa vida es río
505 8 _aCon referencias al Ateneo en p. 13, 15-21, 25-30, 32, 37, 41-45, 48, 50-52, 54, 59, 87-89, 212.
600 1 4 _aAzaña, Manuel,
_d1880-1940
_924223
610 2 4 _aAteneo de Madrid-
_vHistoria-
_vRelatos personales
_91926
830 0 _aLa vida es río
_9181855
852 4 _aES-MaACL
_jF-1050
852 _aES-MaACL
_jF-7480
_bR.101003
999 _c41141
_d41141